<?xml version="1.0" encoding="UTF-8"?>
<collection xmlns="http://www.loc.gov/MARC21/slim">
 <record>
  <leader>01045aam a22002658a 4500</leader>
  <controlfield tag="001">00029729</controlfield>
  <controlfield tag="005">20171026081025.0</controlfield>
  <controlfield tag="008">121115s2012                  ||||||viesd</controlfield>
  <datafield tag="020" ind1=" " ind2=" ">
   <subfield code="c">27000</subfield>
  </datafield>
  <datafield tag="041" ind1="0" ind2="#">
   <subfield code="a">vie</subfield>
  </datafield>
  <datafield tag="082" ind1="1" ind2="4">
   <subfield code="a">346.597 04</subfield>
   <subfield code="b">L504Đ</subfield>
  </datafield>
  <datafield tag="100" ind1="1" ind2="#">
   <subfield code="e">Hệ thống hóa</subfield>
   <subfield code="a">Phương, Anh</subfield>
  </datafield>
  <datafield tag="245" ind1="1" ind2="0">
   <subfield code="a">Luật đất đai</subfield>
   <subfield code="c">Phương Anh (hệ thống hóa)</subfield>
   <subfield code="b">Đã được sửa đổi, bổ sung</subfield>
  </datafield>
  <datafield tag="260" ind1="#" ind2="#">
   <subfield code="a">H.</subfield>
   <subfield code="b">Hồng Đức</subfield>
   <subfield code="c">2012</subfield>
  </datafield>
  <datafield tag="300" ind1="#" ind2="#">
   <subfield code="a">137 tr.</subfield>
   <subfield code="c">21 cm.</subfield>
  </datafield>
  <datafield tag="650" ind1="#" ind2="4">
   <subfield code="a">Pháp luật</subfield>
   <subfield code="z">Việt Nam</subfield>
  </datafield>
  <datafield tag="653" ind1="#" ind2="#">
   <subfield code="a">Tài sản</subfield>
  </datafield>
  <datafield tag="653" ind1="#" ind2="#">
   <subfield code="a">Đất đai</subfield>
  </datafield>
  <datafield tag="852" ind1="#" ind2="#">
   <subfield code="b">Kho mượn</subfield>
   <subfield code="j">KM.0014596, KM.0014597, KM.0014598, KM.0014599, KM.0014600, KM.0014601, KM.0014602, KM.0014603, KM.0014604</subfield>
  </datafield>
  <datafield tag="852" ind1="#" ind2="#">
   <subfield code="b">Kho đọc</subfield>
   <subfield code="j">KD.0014159</subfield>
  </datafield>
  <datafield tag="852" ind1="#" ind2="#">
   <subfield code="j">KM.0014577</subfield>
   <subfield code="j">KM.0014578</subfield>
   <subfield code="j">KM.0014580</subfield>
   <subfield code="j">KM.0014584</subfield>
   <subfield code="j">KM.0014585</subfield>
   <subfield code="j">KM.0014581</subfield>
   <subfield code="j">KM.0014582</subfield>
   <subfield code="j">KD.0014159</subfield>
   <subfield code="j">KM.0014579</subfield>
   <subfield code="j">KM.0014583</subfield>
  </datafield>
  <datafield tag="910" ind1=" " ind2=" ">
   <subfield code="d">15/11/2012</subfield>
  </datafield>
  <datafield tag="980" ind1="#" ind2="#">
   <subfield code="a">Trung tâm Học liệu Lê Vũ Hùng, Trường Đại học Đồng Tháp</subfield>
  </datafield>
 </record>
</collection>
